000 00524nam a2200169Ia 4500
005 20250424120255.0
008 250424s9999 xx 000 0 und d
022 _a00220221
050 _aBF 728 .J68/
245 0 _aJournal of Cross-Cultural Psychology
260 _aUnited state
260 _bSage
260 _c2018
300 _a1005 p. :ill. ; 25 cm.
650 _aPsychology--Nigeria--Periodicals. Ethnopsychology--Nigeria--Periodicals. Sports--Nigeria--Periodicals. Education--Nigeria--Periodicals
942 _cSR
999 _c38381
_d38381